Visualizzazione normale
Vista MARC
- Keith J.
di Personal Name
Records bibliografici associati: 1
001 - CONTROL NUMBER
- control field: 29358
003 - CONTROL NUMBER IDENTIFIER
- control field: IT-RoPau
005 - DATE AND TIME OF LATEST TRANSACTION
- control field: 20140613213756.0
008 - FIXED-LENGTH DATA ELEMENTS
- fixed length control field: 140613|| aca||aabn | a|a d
040 ## - CATALOGING SOURCE
- Original cataloging agency: IT-RoPau
- Transcribing agency: IT-RoPau
100 ## - HEADING--PERSONAL NAME
- Personal name: Keith J.
- Dates associated with a name: Codice autore SPICS: 39064
- Relator term: Autore
- Name of part/section of a work: Last Action Hero
670 ## - SOURCE DATA FOUND
- Source citation: Work cat.: (IT-RoPau)99332: AA.VV. 794, Last Action Hero